Overovanie účtovnej závierky a ďalších skutočností v obciach

Overovanie účtovnej závierky a ďalších skutočností v kontexte zákona o obecnom zriadení, zákona o rozpočtových pravidlách územnej samosprávy, zákona o účtovníctve.

Guardado en:
Detalles Bibliográficos
Autor principal: Kovalčíková, Antónia
Formato: Capítulo de libro
Lenguaje:eslovaco
Materias:
Etiquetas: Agregar Etiqueta
Sin Etiquetas, Sea el primero en etiquetar este registro!

MARC

LEADER 00000naa$a2200000$$$4500
001 0198402
005 20240502073343.1
041 0 |a slo 
044 |a SK 
245 1 0 |a Overovanie účtovnej závierky a ďalších skutočností v obciach  |c Antónia Kovalčíková 
520 |a Overovanie účtovnej závierky a ďalších skutočností v kontexte zákona o obecnom zriadení, zákona o rozpočtových pravidlách územnej samosprávy, zákona o účtovníctve. 
610 2 0 |a obce 
610 2 0 |a účtovanie 
610 2 0 |a závierka účtovná 
610 2 0 |a úpravy právne 
100 1 |a Kovalčíková, Antónia